[Event "Open A"]
[Site "Benidorm ESP"]
[Date "2006.12.06"]
[Round "6"]
[White "Salgado Allaria,C"]
[Black "Goormachtigh,J"]
[Result "1/2-1/2"]
[WhiteElo "2288"]
[BlackElo "2235"]

1.e4 c5 2.c3 Nf6 3.e5 Nd5 4.d4 cxd4 5.Nf3 Nc6 6.cxd4 d6 7.Bc4 Nb6 8.Bb5 dxe5
9.Nxe5 Bd7 10.Nxd7 Qxd7 11.Nc3 e6 12.O-O Be7 13.Qg4 O-O 14.Rd1 f5 15.Qf3 a6
16.Bxc6 Qxc6 17.Qxc6 bxc6 18.Bf4 Rac8 19.Rac1 Rfd8 20.Kf1 Rd7 21.Be5 Kf7
22.Ke2 g5 23.b3 Ra7 24.Rc2 Ke8 25.Rdc1 Kd7 26.Nd1 Ba3 27.Nb2 Nd5 28.Rh1 Bxb2
29.Rxb2 a5 30.Rc1 Rb7 31.h4 g4 32.Rbc2 Nb4 33.Rd2 Re8 34.f3 Rg8 35.Kf2 h5
36.Rc5 Ra8 37.Ke2 a4 38.a3 Na6 39.Rc3 axb3 40.Rb2 Nc7 41.Bxc7 Kxc7 42.Rbxb3 Rxb3
43.Rxb3 Kd6 44.Rc3 Ra4 45.Ke3 gxf3 46.gxf3 Kd5 47.Rc5+ Kd6 48.Rc3 Kd5 49.Rc5+  1/2-1/2

[Event "FSIM December"]
[Site "Budapest HUN"]
[Date "2006.12.06"]
[Round "5"]
[White "Schneider,Ve"]
[Black "Rombaldoni,Ax"]
[Result "0-1"]
[WhiteElo "2221"]
[BlackElo "2260"]

1.e4 c5 2.c3 Nf6 3.e5 Nd5 4.Nf3 Nc6 5.d4 cxd4 6.cxd4 d6 7.Bc4 Nb6 8.Bd3 dxe5
9.dxe5 Nb4 10.Be4 Qxd1+ 11.Kxd1 f5 12.exf6 gxf6 13.Bd2 e5 14.a3 N4d5 15.Nc3 Nxc3+
16.Bxc3 Na4 17.Rc1 Bh6 18.Rc2 O-O 19.Ke2 Be6 20.Bd2 Bxd2 21.Nxd2 Rab8 22.b3 Nb6
23.Rc7 Nd5 24.Bxd5 Bxd5 25.Rhc1 Bc6 26.g3 Rbc8 27.Rxc8 Rxc8 28.Ke3 Rd8 29.Nc4 Rd5
30.b4 Bb5 31.Nb2 Bc6 32.Nc4 Bd7 33.Rc3 Kf7 34.Nb2 Bb5 35.Nc4 Bd7 36.Nb2 Ke7
37.Rc4 a5 38.Rc3 axb4 39.axb4 Rd4 40.Rc4 Rxc4 41.Nxc4 Bb5 42.Kd3 Ke6 43.Kc3 Kd5
44.Nd2 f5 45.f3 e4 46.fxe4+ fxe4 47.Nb3 e3 48.Nd4 Bf1 49.Nc2 Ke4 50.Ne1 Bh3
51.Nc2 Kf3 52.Ne1+ Kf2 53.Nd3+ Kg1 54.b5 Bf5 55.Ne5 e2 56.Nf3+  0-1

[Event "3rd Rapid Masters"]
[Site "Benidorm ESP"]
[Date "2006.12.08"]
[Round "4"]
[White "Garcia Fernandez,C"]
[Black "Mena,A"]
[Result "1/2-1/2"]
[WhiteElo "2367"]
[BlackElo "2149"]

1.e4 c5 2.c3 Nf6 3.e5 Nd5 4.Nf3 e6 5.d4 cxd4 6.cxd4 b6 7.Nc3 Bb7 8.Bd3 Be7
9.O-O O-O 10.Re1 f5 11.exf6 Bxf6 12.Ne4 Be7 13.Ne5 Nc6 14.Qh5 Qe8 15.Qh3 Nxe5
16.dxe5 Qf7 17.f3 h6 18.Qg3 Kh8 19.a3 Rac8 20.Bd2 Nf4 21.Bb1 Ba6 22.Kh1 Bd3
23.Bxf4 Bxb1 24.Raxb1 Qxf4 25.Qxf4 Rxf4 26.Rbc1 Rxc1 27.Rxc1 Rf5 28.Rc7 Rxe5
29.Rxd7 Rd5 30.Rxd5 exd5 31.Nf2 Kg8 32.Kg1 Kf7 33.Kf1 Ke6 34.Ke2 Bd6 35.h3 Ke5
36.Nd3+ Kd4 37.Kd2 Bg3 38.a4 Bd6 39.h4 g6 40.b3 a6 41.h5 gxh5 42.b4 b5 43.a5 Kc4
44.f4 Bxb4+ 45.Kc2 Bd6 46.f5 b4 47.f6 b3+ 48.Kd2 Kd4 49.f7 Ke4 50.Kc3 Kf5
51.Kxb3 Kf6 52.Nf4 Kxf7 53.Nxd5 Ke6 54.Kc4 Kd7 55.Nf6+ Kc6 56.Ne4 Bc7 57.Nc5 Bxa5
58.Nxa6 h4 59.Nc5 Be1 60.Nd3 Bg3 61.Kd4 Kd6 62.Ke4 Ke6 63.Kf3 Kf5 64.Nb2 Be5
65.Nc4 Bf4 66.Nb2 Be5 67.Nd3 Bd6 68.Nf2 h5 69.Ne4  1/2-1/2

[Event "Open"]
[Site "Granada ESP"]
[Date "2006.12.08"]
[Round "7"]
[White "Jerez Perez,A"]
[Black "Koziak,V"]
[Result "1/2-1/2"]
[WhiteElo "2408"]
[BlackElo "2453"]

1.e4 c5 2.c3 Nf6 3.e5 Nd5 4.d4 cxd4 5.Nf3 Nc6 6.Bc4 Nb6 7.Bb3 d5 8.exd6 Qxd6
9.O-O Be6 10.Na3 Bxb3 11.Qxb3 e6 12.Nb5 Qd7 13.Nbxd4 Bc5 14.Rd1 O-O 15.Bg5 Nxd4
16.Nxd4 e5 17.Nf3 Qf5 18.Bh4 Rae8 19.a4 e4 20.Nd4 Qc8 21.a5 Nd7 22.a6 bxa6
23.Qd5 Ne5 24.Re1 Nd3 25.Rxe4 Rxe4 26.Qxe4 Nxb2 27.Qe2 Bxd4 28.cxd4 Qc3 29.d5 Nd3
30.Rd1 Nf4 31.Qd2  1/2-1/2

[Event "13th Open A"]
[Site "Zadar CRO"]
[Date "2006.12.11"]
[Round "1"]
[White "Mestrovic,Z"]
[Black "Sakelsek,T"]
[Result "1/2-1/2"]
[WhiteElo "2308"]
[BlackElo "2468"]

1.e4 c5 2.c3 Nf6 3.e5 Nd5 4.Nf3 Nc6 5.Bc4 e6 6.O-O d6 7.d4 cxd4 8.cxd4 Be7
9.exd6 Qxd6 10.Nc3 O-O 11.Nb5 Qd8 12.Ne5 Nb6 13.Bd3 Bf6 14.Bf4 Nd5 15.Bg3 a6
16.Nxc6 bxc6 17.Nd6 Qb6 18.Qc2 Bxd4 19.Bxh7+ Kh8 20.Nc4 Qd8 21.Rad1 c5 22.Be4 f5
23.Bxd5 exd5 24.Ne5 Qb6 25.Rfe1 Kg8 26.Bf4 Be6 27.b4 cxb4 28.Qe2 Bc3 29.Bd2 Rf6
30.Bg5 Bxe1 31.Rxe1 Bf7 32.Nd7 Qd6 33.Nxf6+ gxf6 34.Bd2 Re8 35.Qd3 Rxe1+
36.Bxe1 Qe5 37.Qg3+ Qxg3 38.fxg3 a5 39.a3 bxa3 40.Bxa5 d4 41.Bb6 d3 42.Kf2 Bd5
43.Ke3 Be4 44.Bd4 Kf7 45.Bc5 a2 46.Bd4 Ke6 47.Kd2 Kd5 48.Bxf6 Kc4 49.h4 Bxg2
50.h5 Bd5 51.h6 Bg8 52.Ba1 Bh7 53.Bg7 Kd5 54.Kxd3 f4+ 55.Ke2 fxg3  1/2-1/2

[Event "13th Open A"]
[Site "Zadar CRO"]
[Date "2006.12.12"]
[Round "2"]
[White "Jeric,S"]
[Black "Rezan,S"]
[Result "0-1"]
[WhiteElo "2337"]
[BlackElo "2414"]

1.e4 c5 2.c3 Nf6 3.e5 Nd5 4.d4 cxd4 5.Nf3 d6 6.cxd4 Nc6 7.Bc4 Nb6 8.Bb3 dxe5
9.d5 Na5 10.Nc3 Bg4 11.Be3 Nxb3 12.Qxb3 Bxf3 13.gxf3 g6 14.a4 Rc8 15.a5 Nc4
16.Bxa7 Bh6 17.Qxb7 O-O 18.Qb5 Bd2+ 19.Ke2 Bxc3 20.bxc3 Nd6 21.Qd3 Rc4 22.Rhb1 Qd7
23.Be3 Rfc8 24.Rb3 e4 25.fxe4 Qg4+ 26.Ke1 Rxe4 27.a6 Nc4 28.Ra2 Nxe3 29.fxe3 Qg1+
30.Kd2 Rg4 31.Ra5 Rg2+ 32.Qe2 Rxe2+ 33.Kxe2 Qxh2+ 34.Kd3 Qc7 35.Ra4 Qd7 36.Rd4 Rc7
37.e4 h5 38.c4 Qh3+ 39.Kc2 Qg2+ 40.Kc3  0-1

[Event "13th Open A"]
[Site "Zadar CRO"]
[Date "2006.12.12"]
[Round "3"]
[White "Mestrovic,Z"]
[Black "Ljubicic,F"]
[Result "1/2-1/2"]
[WhiteElo "2308"]
[BlackElo "2404"]

1.e4 c5 2.c3 Nf6 3.e5 Nd5 4.Nf3 Nc6 5.Bc4 e6 6.O-O d6 7.d4 cxd4 8.cxd4 Be7
9.exd6 Qxd6 10.Nc3 Nxc3 11.bxc3 O-O 12.Qe2 b6 13.Bd3 Bb7 14.Qe4 g6 15.Bf4 Qd7
16.Qe3 Bf6 17.Be4 Rac8 18.Rad1 Na5 19.Ne5 Qe7 20.Bxb7 Qxb7 21.Ng4 Bg7 22.Bh6 Nc4
23.Qh3 f5 24.Ne3 Nxe3 25.Qxe3 Bxh6 26.Qxh6 Rxc3 27.Rfe1 Qd7 28.h4 Rc6 29.h5 Qg7
30.Qf4 Rd8 31.d5 Rcd6 32.Rc1 exd5 33.h6 Qd7 34.Qd4 g5 35.Re5 Rxh6 36.Rce1 Rg6
37.Re7 Qc6 38.Rxa7 Qf6 39.Qa4 Rg7 40.Ra8 b5 41.Qxb5 Rxa8 42.Qxd5+ Rf7 43.Qxa8+ Kg7
44.Qd5  1/2-1/2

[Event "6th Amplico AIG Life"]
[Site "Warsaw POL"]
[Date "2006.12.17"]
[Round "13"]
[White "Kukawski,M"]
[Black "Hunt,A"]
[Result "1/2-1/2"]
[WhiteElo "2293"]
[BlackElo "2462"]

1.e4 c5 2.c3 Nf6 3.e5 Nd5 4.d4 cxd4 5.Nf3 e6 6.cxd4 d6 7.Bc4 Be7 8.O-O O-O
9.Qe2 Nc6 10.Nc3 Nxc3 11.bxc3 dxe5 12.dxe5 Qc7 13.Qe4 b6 14.Bd3 g6 15.Bh6 Rd8
16.Rfd1 Bb7 17.Qf4 Rd7 18.Be4 Rad8 19.Re1 Bf8 20.Bxf8 Rxf8 21.Qh6 f5 22.exf6 Rxf6
23.Rad1 Rff7 24.Ng5 Rxd1 25.Rxd1 Rd7 26.Rxd7 Qxd7 27.h4 Ne5 28.f3 Bxe4 29.Nxe4 Qe7
30.Qf4 Nf7 31.h5 Kg7 32.hxg6 hxg6 33.Qe3 Qa3 34.Qd4+ e5 35.Qd5 Qc1+ 36.Kf2 Qc2+
37.Kg3 Qc1 38.Qe6 Qf4+ 39.Kf2 Qh4+ 40.Ke2 Qd8 41.g4 Qh4 42.g5 Qh2+ 43.Kd3 Qh1
44.Qf6+ Kf8 45.Kc4 Qf1+ 46.Kb3 Qb1+ 47.Ka3 Qc1+ 48.Kb3 Qb1+ 49.Ka3 Qc1+  1/2-1/2

[Event "13th Open A"]
[Site "Zadar CRO"]
[Date "2006.12.17"]
[Round "9"]
[White "Jeric,S"]
[Black "Sudakova,I"]
[Result "1/2-1/2"]
[WhiteElo "2337"]
[BlackElo "2392"]

1.e4 c5 2.c3 Nf6 3.e5 Nd5 4.d4 cxd4 5.Nf3 d6 6.cxd4 Nc6 7.Bc4 e6 8.O-O Be7
9.Nc3 Nxc3 10.bxc3 dxe5 11.dxe5 Qa5 12.Qe2 O-O 13.Rb1 Rd8  1/2-1/2

[Event "XIX Carlos Torre Mem KO"]
[Site "Merida MEX"]
[Date "2006.12.18"]
[Round "1.1"]
[White "Tiviakov,S"]
[Black "Vera,R"]
[Result "1-0"]
[WhiteElo "2680"]
[BlackElo "2510"]

1.e4 c5 2.c3 Nf6 3.e5 Nd5 4.Nf3 e6 5.d4 cxd4 6.cxd4 d6 7.a3 Bd7 8.Bd3 Bc6
9.O-O Nd7 10.Re1 Be7 11.b4 a6 12.Nbd2 Bb5 13.Bxb5 axb5 14.Bb2 N7b6 15.Qe2 Qd7
16.exd6 Bxd6 17.Ne5 Bxe5 18.dxe5 O-O 19.Rad1 Rfc8 20.Ne4 Nc4 21.Qg4 Kh8 22.Nd6 Rc7
23.Ba1 Rg8 24.Qh3 Ra8 25.Qg4 Rxa3 26.Rxd5 f5 27.exf6 Rxa1 28.Rxa1 Nxd6 29.Qxg7+  1-0

[Event "Sub-Zt 2.3.4"]
[Site "Bogota COL"]
[Date "2006.12.19"]
[Round "3"]
[White "Ossa,O"]
[Black "Marin,Sebastian"]
[Result "0-1"]
[WhiteElo "2182"]
[BlackElo "2339"]

1.e4 c5 2.c3 Nf6 3.e5 Nd5 4.d4 cxd4 5.Nf3 Nc6 6.Bc4 Nb6 7.Bb3 d5 8.exd6 Qxd6
9.O-O Be6 10.Bxe6 Qxe6 11.Nxd4 Nxd4 12.Qxd4 Rd8 13.Qh4 Qe2 14.Bd2 Rxd2 15.Nxd2 Qxd2
16.Rfd1 Qh6 17.Qg3 Qc6 18.b4 e6 19.Rd3 f6 20.Rad1 Nd5 21.Qb8+ Kf7 22.a3 Rg8
23.Qxa7 Be7 24.Qd4 Rc8 25.Re1 f5 26.c4 Qxc4 27.Qe5 Qc6 28.g4 Bf6 29.Qg3 f4
30.Qh3 h6 31.Qh5+ Kg8 32.h4 Qc2 33.Rdd1 f3 34.g5 Qf5 35.Rd3 Qxd3  0-1

[Event "44th National A ch-IND"]
[Site "Atul IND"]
[Date "2006.12.20"]
[Round "3"]
[White "Ravi,Th"]
[Black "Ramesh,R"]
[Result "1/2-1/2"]
[WhiteElo "2335"]
[BlackElo "2491"]

1.e4 c5 2.c3 Nf6 3.e5 Nd5 4.d4 cxd4 5.Nf3 e6 6.cxd4 d6 7.Bc4 Nb6 8.Bb3 dxe5
9.Nxe5 Nc6 10.Nxc6 bxc6 11.O-O Be7 12.Nc3 O-O 13.Re1 Ba6 14.Bf4 Bf6 15.Be5 Bxe5
16.dxe5 Qxd1 17.Raxd1 Rfd8 18.Rxd8+ Rxd8 19.Rd1 Rxd1+ 20.Bxd1 g5 21.Ne4 h6
22.Nc5 Bc4 23.b3 Bd5 24.g3 Kg7 25.Bh5 f6 26.f4 gxf4 27.gxf4 f5 28.Kf2 Kf8
29.Be2 Kf7 30.Bd3 Ke7 31.Ke3 Bg2 32.Bc4 Bd5 33.Kd4 Bxc4 34.bxc4 Nd7 35.Nxd7 Kxd7  1/2-1/2

[Event "44th National A ch-IND"]
[Site "Atul IND"]
[Date "2006.12.26"]
[Round "10"]
[White "Bakre,T"]
[Black "Neelotpal,D"]
[Result "0-1"]
[WhiteElo "2447"]
[BlackElo "2490"]

1.e4 c5 2.c3 Nf6 3.e5 Nd5 4.Bc4 Nb6 5.Bb3 c4 6.Bc2 Nc6 7.Nf3 d6 8.exd6 Qxd6
9.O-O g6 10.b3 Bg7 11.Na3 cxb3 12.axb3 O-O 13.d4 Bg4 14.h3 Bxf3 15.Qxf3 e5
16.Nc4 Nxc4 17.bxc4 exd4 18.Ba3 Qc7 19.Bxf8 Rxf8 20.Be4 Ne5 21.Qe2 Nxc4 22.Bxb7 dxc3
23.Bd5 Nd6 24.Ra6 Nf5 25.Qa2 Bd4 26.Rd1 c2  0-1

[Event "Czech Christmas"]
[Site "Litomysl CZE"]
[Date "2006.12.28"]
[Round "4"]
[White "Bebel,A"]
[Black "Toma,K"]
[Result "1/2-1/2"]
[WhiteElo "2133"]
[BlackElo "2268"]

1.e4 c5 2.c3 Nf6 3.e5 Nd5 4.Nf3 Nc6 5.Bc4 Nb6 6.Bb3 d5 7.exd6 Qxd6 8.d4 cxd4
9.O-O e6 10.cxd4 Be7 11.Nc3 O-O 12.Ne4 Qd8 13.Be3 Nd5 14.Rc1 Bd7 15.a3 Rc8
16.Qd3 Na5 17.Rxc8 Qxc8 18.Rc1 Qe8 19.Ba2 Bb5 20.Qc2 Nxe3 21.fxe3 h6 22.b4 Nc6
23.Bb1 g6 24.Nc5 b6 25.Nd3 a5 26.Qb3 axb4 27.Nxb4 Nxb4 28.axb4 Bd6 29.e4 Qe7
30.Qe3 Kg7 31.d5 e5 32.Qxb6 Rb8 33.Qe3 Bd7 34.Kh1 Rxb4 35.Qf2 Qe8 36.h4 Bg4
37.Nh2 Bd7 38.Rf1 Qe7 39.Bd3 Bc5 40.Qc2 Bd6 41.Qf2 Bc5 42.Qc2 Ba4 43.Qc1 Bd6
44.g3 Rb3 45.Ng4 g5 46.Ne3 Bd7 47.Qc2 Rb8 48.Be2 gxh4 49.Bh5 Rf8 50.g4 h3
51.Qf2 Bc5 52.Nf5+ Bxf5 53.Qxf5 Qg5 54.Qxg5+ hxg5 55.Kh2 Bd6 56.Rb1 Rc8 57.Rb7 Rc7
58.Rxc7  1/2-1/2

[Event "Masters"]
[Site "Singapore SIN"]
[Date "2006.12.28"]
[Round "6"]
[White "Lim Yee Weng"]
[Black "Wen Yang"]
[Result "1/2-1/2"]
[WhiteElo "2307"]
[BlackElo "2416"]

1.e4 c5 2.c3 Nf6 3.e5 Nd5 4.d4 cxd4 5.Nf3 Nc6 6.Bc4 Nb6 7.Bb3 d5 8.exd6 e6
9.cxd4 Bxd6 10.O-O O-O 11.Re1 Bd7 12.Nc3 Ne7 13.Bc2 Ned5 14.Ng5 g6 15.Qg4 Kg7
16.Qh3 h5 17.Nge4 Be7 18.a3 e5 19.Qg3 h4 20.Qd3 Bf5 21.Nxd5 Qxd5 22.Qe3 Rh8
23.Nc3 exd4 24.Qxe7 dxc3 25.Qe2 Rac8 26.Bxf5 Qxf5 27.bxc3 Qf6 28.Qd3 Nc4
29.Be3 Nxe3 30.Qxe3 h3 31.Qxa7 Rxc3 32.Qxb7 hxg2 33.Qe7 Qf4 34.Qe5+ Qxe5
35.Rxe5  1/2-1/2

[Event "Czech Christmas"]
[Site "Litomysl CZE"]
[Date "2007.01.01"]
[Round "9"]
[White "Simacek,P"]
[Black "Plischki,S"]
[Result "1-0"]
[WhiteElo "2479"]
[BlackElo "2389"]

1.e4 c5 2.c3 Nf6 3.e5 Nd5 4.d4 cxd4 5.Nf3 d6 6.cxd4 Nc6 7.Bc4 e6 8.O-O Be7
9.Qe2 O-O 10.Rd1 Na5 11.Bxd5 exd5 12.Nc3 Be6 13.Bf4 Rc8 14.Nb5 dxe5 15.dxe5 a6
16.Nd6 Bxd6 17.exd6 Nc4 18.Ng5 Qf6 19.Qd3 Qg6 20.Qxg6 hxg6 21.b3 Nb6 22.Rd4 Nd7
23.Re1 Rfe8 24.f3 Nf6 25.Rb4 b5 26.Nxe6 Rxe6 27.Rxe6 fxe6 28.a4 Rc5 29.Be3 Rc6
30.axb5 axb5 31.Rxb5 Rxd6 32.Rb8+ Kf7 33.Bc5  1-0

[Event "Hilton Open"]
[Site "Basel SUI"]
[Date "2007.01.03"]
[Round "3"]
[White "Vajda,L"]
[Black "Leburgue,S"]
[Result "1-0"]
[WhiteElo "2545"]
[BlackElo "2188"]

1.e4 c5 2.c3 Nf6 3.e5 Nd5 4.d4 cxd4 5.Nf3 Nc6 6.cxd4 d6 7.Bc4 Nb6 8.Bb5 dxe5
9.Nxe5 Bd7 10.Nxd7 Qxd7 11.Nc3 Rd8 12.O-O e6 13.a4 a6 14.Bxc6 Qxc6 15.Bg5 f6
16.Be3 Kf7 17.Rc1 Be7 18.Re1 Qd7 19.Qh5+ g6 20.Qh3 Bb4 21.Re2 Bxc3 22.bxc3 Nc4
23.Rce1 Rde8 24.Bh6 Qd5 25.g4 e5 26.Bf4 e4 27.f3 e3 28.Bxe3 h5 29.Bf4 Rxe2
30.Rxe2 g5 31.Bc1 h4 32.f4 Rc8 33.fxg5 fxg5 34.Qd3 Kg7 35.Re7+ Kf6 36.Qh7  1-0

[Event "Petrovskaya Ladya Open"]
[Site "Peterhof RUS"]
[Date "2007.01.04"]
[Round "2"]
[White "Borisovs,L"]
[Black "Mustaps,M"]
[Result "0-1"]
[WhiteElo "2099"]
[BlackElo "2189"]

1.e4 c5 2.c3 Nf6 3.e5 Nd5 4.d4 cxd4 5.Nf3 Nc6 6.cxd4 d6 7.Bc4 Nb6 8.Bb5 a6
9.Bxc6+ bxc6 10.exd6 exd6 11.O-O Be7 12.Nc3 O-O 13.Re1 Be6 14.Bf4 Nd5 15.Bg3 Nxc3
16.bxc3 Qa5 17.Qd2 Rfb8 18.d5 Qxd5 19.Qxd5 cxd5 20.Nd4 Bf6 21.Bxd6 Rc8 22.Be5 Bxe5
23.Rxe5 Rxc3 24.Nxe6 fxe6 25.Rxe6 Rc2 26.Kf1 Kf7 27.Re2 Rac8 28.Rd1 Rxe2
29.Kxe2 Ke6 30.Kd3 Rc4 31.Rb1 Ra4 32.Rb2 g5 33.f3 h5 34.h3 h4 35.Rc2 Ke5
36.Re2+ Kf4 37.Rb2 a5 38.Rc2 Rc4 39.Rd2 Ra4 40.Ke2 d4 41.Kf2 Rc4 42.a3 a4
43.Rd1 Rc2+ 44.Kf1 Ke3 45.Re1+ Kd2 46.Re4 d3 47.Re5 Kc1 48.Re1+ Kb2 49.Rd1 Rc1
50.Ke1  0-1

[Event "49th It"]
[Site "Reggio Emilia ITA"]
[Date "2007.01.05"]
[Round "7"]
[White "Manca,F"]
[Black "Mogranzini,R"]
[Result "0-1"]
[WhiteElo "2425"]
[BlackElo "2401"]

1.e4 c5 2.c3 Nf6 3.e5 Nd5 4.d4 cxd4 5.Nf3 Nc6 6.cxd4 d6 7.Bc4 Nb6 8.Bb5 Bd7
9.exd6 e6 10.Nc3 Bxd6 11.O-O Ne7 12.Bd3 Ng6 13.Re1 O-O 14.Ng5 h6 15.Nge4 Bc6
16.Nxd6 Qxd6 17.Qg4 Kh8 18.Be3 Kh7 19.Rad1 f5 20.Qh3 Nd5 21.Nxd5 Qxd5 22.b3 Qd6
23.d5 Bxd5 24.Bc4 b6 25.Bxd5 exd5 26.Qf3 Rad8 27.Bd4 Rf7 28.Bb2 Qf4 29.Qxf4 Nxf4
30.g3 Ng6 31.Rd4 Re7 32.Red1 Red7 33.h4 h5 34.Bc1 Ne5 35.Kg2 Nc6 36.R4d3 d4
37.Bg5 Re8 38.Be3 Re4 39.f3 Re8 40.Bf2 Re2 41.R3d2 Rxd2 42.Rxd2 Kg8 43.g4 hxg4
44.fxg4 fxg4 45.Kg3 Kf7 46.Kxg4 Ke6 47.h5 Kd5 48.Kf5 Rf7+ 49.Kg5 Ke4 50.Re2+ Kf3
51.Rd2 Rd7 52.Kf5 Rd6 53.Bh4 d3 54.Rf2+ Ke3 55.Rg2 Rd5+ 56.Ke6 Re5+ 57.Kd6 d2
58.Rg3+ Ke2 59.Rg2+ Kd3 60.Rg3+ Kc2 61.Rg2 Kc1 62.Rxd2 Kxd2 63.Kxc6 Rxh5
64.Bf2 g5 65.a4 Kc3  0-1

[Event "Open"]
[Site "Verona ITA"]
[Date "2007.01.05"]
[Round "4"]
[White "Guido,F"]
[Black "Martorelli,A"]
[Result "1-0"]
[WhiteElo "2313"]
[BlackElo "2261"]

1.e4 c5 2.c3 Nf6 3.e5 Nd5 4.d4 cxd4 5.Nf3 e6 6.cxd4 d6 7.Bc4 Nb6 8.Bb3 dxe5
9.Nxe5 Nc6 10.Nf3 Bb4+ 11.Nc3 Nd5 12.Qd3 Be7 13.O-O O-O 14.Bc2 g6 15.a3 Nxc3
16.bxc3 b6 17.h4 Bb7 18.h5 Qd5 19.hxg6 hxg6 20.Re1 Kg7 21.Rb1 Rad8 22.Rb5 Qd6
23.Qe4 Rh8 24.Qg4 Bf6 25.a4 Ba6 26.Rb1 Rh5 27.Bf4 Rdh8 28.g3 Qd7 29.Kg2 Bb7
30.Rh1 Ne7 31.Rxh5 Rxh5 32.Re1 Nd5 33.Bd2 Qc6 34.Qe4 Rf5 35.g4 Bg5 36.gxf5 Bxd2
37.Nxd2 Qxc3 38.Nf3 gxf5 39.Qe5+ Nf6 40.Bd1 Be4 41.Rg1 Kg6 42.Kh2+  1-0

[Event "Hilton Open"]
[Site "Basel SUI"]
[Date "2007.01.06"]
[Round "6"]
[White "Filipovic,Br"]
[Black "Goldstern,F"]
[Result "1-0"]
[WhiteElo "2406"]
[BlackElo "2383"]

1.e4 c5 2.c3 Nf6 3.e5 Nd5 4.Nf3 Nc6 5.d4 cxd4 6.cxd4 d6 7.Bc4 e6 8.O-O Be7
9.exd6 Qxd6 10.Nc3 Nxc3 11.bxc3 O-O 12.Re1 b6 13.Ng5 Bxg5 14.Bxg5 Bb7 15.Qg4 Rfc8
16.Bf6 Qf8 17.Bd3 Kh8 18.Qh4 Qg8 19.Re3  1-0

[Event "TCh-FIN 2006-7"]
[Site "Vantaa FIN"]
[Date "2007.01.13"]
[Round "6"]
[White "Vihinen,T"]
[Black "Salminen,J"]
[Result "1-0"]
[WhiteElo "2190"]
[BlackElo "2033"]

1.e4 c5 2.c3 Nf6 3.e5 Nd5 4.d4 cxd4 5.Nf3 Nc6 6.Bc4 e6 7.cxd4 Be7 8.O-O Nb6
9.Bd3 O-O 10.Nc3 d6 11.Qe2 dxe5 12.dxe5 Nd4 13.Nxd4 Qxd4 14.Rd1 Qh4 15.Be4 Nd7
16.Rd3 f5 17.exf6 Qxf6 18.Rh3 g6 19.Bh6 Re8 20.Rf3 Qh4 21.Bxg6 hxg6 22.Qxe6+ Kh8
23.Rh3 Nf6 24.Qf7  1-0

[Event "Corus C"]
[Site "Wijk aan Zee NED"]
[Date "2007.01.15"]
[Round "3"]
[White "Jonkman,H"]
[Black "Van Haastert,E"]
[Result "0-1"]
[WhiteElo "2425"]
[BlackElo "2391"]

1.e4 c5 2.c3 Nf6 3.e5 Nd5 4.Bc4 e6 5.Nf3 d6 6.d4 cxd4 7.cxd4 Nc6 8.O-O Be7
9.Qe2 O-O 10.Re1 Bd7 11.Bd2 Rc8 12.Nc3 Nxc3 13.Bxc3 dxe5 14.dxe5 Qb6 15.Rad1 Rfd8
16.a3 Na5 17.Bd3 Bc6 18.Nd4 Bd5 19.Nb5 Nc4 20.Nd6 Nxd6 21.exd6 Bxd6 22.Qg4 Bf8
23.h4 Qc7 24.Bf6 Re8 25.h5 Kh8 26.Be5 Qe7 27.Re3 f5 28.Qf4 Qf7 29.g4 Kg8
30.Rh3 Be7 31.Re1 h6 32.gxf5 Rf8 33.Rg3 Bg5 34.Rxg5 hxg5 35.Qxg5 Bc4 36.Kh2 Bxd3
37.Rg1 Rc7 38.Bxg7 Qxf5 39.Be5+  0-1

[Event "Open A"]
[Site "Prague CZE"]
[Date "2007.01.18"]
[Round "9"]
[White "Ganaus,H"]
[Black "Csonka,A1"]
[Result "0-1"]
[WhiteElo "2341"]
[BlackElo "2298"]

1.e4 c5 2.c3 Nf6 3.e5 Nd5 4.d4 cxd4 5.Nf3 e6 6.cxd4 d6 7.Bc4 Nb6 8.Bd3 Bd7
9.O-O Bc6 10.Nc3 N8d7 11.Re1 Be7 12.Bf4 dxe5 13.Nxe5 Nxe5 14.dxe5 Bg5 15.Bxg5 Qxg5
16.Be4 O-O 17.Bxc6 bxc6 18.Qf3 Nd5 19.Re4 Rab8 20.Na4 Rfd8 21.h4 Qg6 22.Rd1 h5
23.Kh2 Ne7 24.Red4 Rd5 25.Nc3 Rxd4 26.Rxd4 Nf5 27.Ra4 Rxb2 28.g3 Nh6 29.Kg2 Ng4
30.Ne4 Qf5 31.Rxa7 Qxf3+ 32.Kxf3 f5 33.exf6 gxf6 34.Kf4 Rb5 35.Kf3 f5 36.Nd6 Rd5
37.Nc4 Rd4 38.Ne3 Ne5+ 39.Ke2 Rb4 40.Nd1 Nf7 41.a4 Kg7 42.a5 Kf6 43.Nc3 Nd6
44.Rc7 Rc4 45.Nd1 Nb5 46.Rc8 Ra4 47.Ke3 Ra3+ 48.Kd2 Nd4 49.Ra8 Rxa5 50.Rxa5 Nb3+
51.Kc3 Nxa5 52.Kb4 Nb7 53.Ne3 c5+ 54.Kb5 Nd6+ 55.Kxc5 Ne4+ 56.Kd4 Nxf2 57.Nf1 Ng4
58.Nd2 e5+ 59.Kd3 Ke6 60.Ke2 Nf6 61.Nf1 f4 62.gxf4 exf4 63.Nh2 Kf5 64.Kd3 Ng4  0-1

[Event "Open"]
[Site "Marianske Lazne CZE"]
[Date "2007.01.21"]
[Round "2"]
[White "Endler,B"]
[Black "Ondrejat,M"]
[Result "0-1"]
[WhiteElo "1959"]
[BlackElo "2098"]

1.e4 c5 2.c3 Nf6 3.e5 Nd5 4.d4 cxd4 5.cxd4 e6 6.Nf3 b6 7.Nc3 Nxc3 8.bxc3 Qc7
9.Bd2 Be7 10.Bd3 Ba6 11.Bxa6 Nxa6 12.Qe2 Qb7 13.O-O O-O 14.a4 d5 15.exd6 Bxd6
16.Rab1 Nc7 17.Rfe1 Qc6 18.Qd1 Nd5 19.Qb3 Rfc8 20.Rbc1 Qc4 21.Qd1 Qd3 22.Ng5 h6
23.Ne4 Ba3 24.Rb1 Rc6 25.Qh5 f5 26.Bxh6 fxe4 27.Qg6 Bf8  0-1

[Event "ch-GER"]
[Site "Koenigshofen GER"]
[Date "2007.01.22"]
[Round "4"]
[White "Jahrsdoerfer,G"]
[Black "Seuffert,G"]
[Result "1/2-1/2"]
[WhiteElo "2176"]
[BlackElo "2339"]

1.e4 c5 2.c3 Nf6 3.e5 Nd5 4.Nf3 Nc6 5.d4 cxd4 6.cxd4 d6 7.Bc4 e6 8.O-O Be7
9.Re1 O-O 10.Nc3 Nxc3 11.bxc3 dxe5 12.Nxe5 Nxe5 13.Rxe5 Bd6 14.Rh5 g6 15.Bd3 Qc7
16.Qd2 f5 17.Rh3 Rf7 18.c4 Bf8 19.Bb2 e5 20.dxe5 Be6 21.Qc2 Rc8 22.Rc1 Rd7
23.f4 b5 24.Kh1 bxc4 25.Be2 Qd8 26.Bc3 Qb6 27.Rb1 Qc5 28.Rf3 Bd5 29.e6 Bxe6
30.Bb4 Qd4 31.Bc3 Qe4 32.Qxe4 fxe4 33.Re3 Bd5 34.Rd1 Rdd8 35.Bf6 Rd6 36.Be5 Rdd8
37.Bf6 Rd6 38.Be5  1/2-1/2

[Event "ch-Kyiv"]
[Site "Kyiv UKR"]
[Date "2007.01.22"]
[Round "3"]
[White "Vdovichenko,V"]
[Black "Baryshpolets,A"]
[Result "0-1"]
[WhiteElo "2069"]
[BlackElo "2264"]

1.e4 c5 2.c3 Nf6 3.e5 Nd5 4.d4 cxd4 5.Nf3 e6 6.cxd4 b6 7.Bc4 d6 8.O-O Bb7
9.Bxd5 Bxd5 10.Nc3 Bxf3 11.Qxf3 d5 12.Qg3 Qd7 13.Be3 Nc6 14.Nb5 O-O-O 15.Bg5 Re8
16.Rfc1 Kb7 17.Qd3 Rc8 18.Bd2 f6 19.exf6 gxf6 20.a4 a6 21.Na3 e5 22.Nc2 e4
23.Qe2 h5 24.b4 Nd8 25.f3 f5 26.fxe4 dxe4 27.Be3 Bg7 28.b5 a5 29.Na3 Ne6
30.Rxc8 Rxc8 31.Rd1 Rc3 32.Nc2 Qd5 33.g3 h4 34.Kf1 Qb3 35.d5 Rxc2 36.dxe6 Rxe2
37.e7 Qxd1+  0-1

[Event "ch-SER Qualification"]
[Site "Belgrade SER"]
[Date "2007.01.24"]
[Round "2"]
[White "Savic,Miod1"]
[Black "Chelushkina,I"]
[Result "1-0"]
[WhiteElo "2533"]
[BlackElo "2338"]

1.e4 c5 2.c3 Nf6 3.e5 Nd5 4.Nf3 e6 5.g3 d6 6.Bg2 Nc6 7.exd6 Bxd6 8.d4 O-O
9.O-O a5 10.dxc5 Bxc5 11.Nbd2 a4 12.Qc2 h6 13.Ne4 Be7 14.Rd1 f5 15.Ned2 Qc7
16.Nf1 Bf6 17.a3 Nb6 18.Be3 Na5 19.Nd4 Nbc4 20.Nb5 Qe7 21.Re1 Bd7 22.Nd4 Nxe3
23.Nxe3 Qc5 24.Rad1 Rad8 25.Qb1 Bc8 26.Ne2 Bg5 27.Rxd8 Rxd8 28.Nd4 Nb3 29.Nxb3 axb3
30.Nf1 b6 31.Rd1 Rd6 32.h4 Be7 33.Qc1 e5 34.Rxd6 Qxd6 35.Qd2 e4 36.Qxd6 Bxd6
37.Nd2 Be6 38.Bf1 Kf7 39.Kg2 f4 40.Nxe4 Bd5 41.Bc4 Ke6 42.Bxd5+ Kxd5 43.Nxd6 Kxd6
44.gxf4 Ke6 45.a4 h5 46.Kg3 Kd5 47.Kf3 g6 48.Ke3 Ke6 49.Ke4 Kf6 50.c4 Ke6
51.Ke3 Kf5 52.c5 bxc5 53.a5  1-0

[Event "GM"]
[Site "Geneve SUI"]
[Date "2007.01.24"]
[Round "5"]
[White "Landenbergue,C"]
[Black "Maze,S"]
[Result "1/2-1/2"]
[WhiteElo "2450"]
[BlackElo "2506"]

1.e4 c5 2.c3 Nf6 3.e5 Nd5 4.d4 cxd4 5.cxd4 e6 6.Nf3 d6 7.Bc4 Nb6 8.Bb3 dxe5
9.Nxe5 Nc6 10.Nf3 Be7 11.Nc3 Bf6 12.Be3 Na5 13.Bc2 Nac4 14.Qe2 Bd7 15.O-O Rc8
16.Bb3 O-O 17.Rad1 Qe7 18.Bc1 Bc6  1/2-1/2

[Event "ch-GER"]
[Site "Koenigshofen GER"]
[Date "2007.01.24"]
[Round "6"]
[White "Namyslo,H"]
[Black "Beikert,G"]
[Result "0-1"]
[WhiteElo "2281"]
[BlackElo "2434"]

1.e4 c5 2.c3 Nf6 3.e5 Nd5 4.d4 cxd4 5.Nf3 e6 6.cxd4 b6 7.Nc3 Nxc3 8.bxc3 Qc7
9.Bd2 Bb7 10.Bd3 d6 11.O-O Nd7 12.Qe2 Be7 13.Be4 O-O 14.exd6 Bxd6 15.Rfe1 Bxe4
16.Qxe4 Nf6 17.Qh4 Rac8 18.a4 Nd5 19.Rec1 Qc4 20.Qe4 Nf6 21.Qb1 h6 22.Qb5 Nd5
23.Be1 Bf4 24.Rc2 a6 25.Qxc4 Rxc4 26.g3 Bc7 27.Kf1 Rc8 28.Ke2 Bd6 29.Rcc1 f6
30.Bd2 Nxc3+ 31.Kd3 Bb4 32.Rc2 a5 33.Ne1 Kf7 34.f4 Ke7 35.Rac1 Nxa4 36.Bxb4+ axb4
37.Ra1 b5 38.Rxc4 bxc4+ 39.Kd2 Nb6 40.Ra7+ Kd6 41.Rb7 Nd5 42.Nc2 Kc6 43.Ra7 Rc7
44.Ra6+ Kd7 45.Ra8 b3 46.Na3 c3+ 47.Kc1 Nb4  0-1

[Event "ch-Kyiv"]
[Site "Kyiv UKR"]
[Date "2007.01.25"]
[Round "6"]
[White "Melnichuk,M"]
[Black "Perun,S"]
[Result "1/2-1/2"]
[WhiteElo "2223"]
[BlackElo "2357"]

1.e4 c5 2.c3 Nf6 3.e5 Nd5 4.d4 cxd4 5.Qxd4 e6 6.Nf3 Nc6 7.Qe4 d6 8.Nbd2 dxe5
9.Nxe5 Nxe5 10.Qxe5 a6 11.Bc4 Nf6 12.Ne4 b5 13.Bg5 Be7 14.Rd1 Bd7 15.Bd3 O-O
16.Bxf6  1/2-1/2

[Event "Open"]
[Site "Moscow RUS"]
[Date "2007.01.27"]
[Round "1"]
[White "Timofeev,Vl"]
[Black "Iljin,A"]
[Result "1/2-1/2"]
[WhiteElo "2302"]
[BlackElo "2529"]

1.e4 c5 2.c3 Nf6 3.e5 Nd5 4.Bc4 Nb6 5.Bb3 Nc6 6.Nf3 g6 7.d4 cxd4 8.cxd4 Bg7
9.Bf4 d5 10.exd6 O-O 11.h3 Nxd4 12.Nxd4 e5 13.Bg3 exd4 14.O-O Bf5 15.Re1 Nc8
16.Be5 Re8 17.Bxg7 Rxe1+ 18.Qxe1 Kxg7 19.g4 Bd7 20.Qe4 Qf6 21.Qxb7 Nb6 22.Nd2 Qxd6
23.Qf3 Rf8 24.Qg3 Qxg3+ 25.fxg3  1/2-1/2